Religion Quiz

Random Religion Quiz

Amos 9:11-15 (NIV) Quiz Stats

Quiz not verified by Sporcle

Also try: The Beatitudes
Challenge
Share
Tweet
Embed
Score 0/142 Timer 10:00
0 Plays Today
Hint Answer % Correct
and
96.6%
the
96.6%
and
96.6%
the
96.6%
the
96.6%
Amos 9:13The
96.6%
the
96.6%
the
96.6%
the
96.6%
and
96.6%
the
96.6%
the
96.6%
the
96.6%
and
96.6%
the
96.6%
the
96.6%
and
96.6%
and
96.6%
and
96.6%
the
96.6%
I
72.4%
I
72.4%
Amos 9:14I
72.4%
Amos 9:15I
72.4%
I
72.4%
Amos 9:11In
62.1%
in
62.1%
in
62.1%
it
48.3%
it
48.3%
to
48.3%
of
48.3%
to
48.3%
be
44.8%
Lord
44.8%
Lord
44.8%
be
44.8%
be
44.8%
as
37.9%
that
34.5%
that
34.5%
that
34.5%
are
34.5%
its
31%
its
31%
Amos 9:12so
31%
they
31%
when
31%
Hint Answer % Correct
they
31%
They
31%
they
31%
day
27.6%
will
27.6%
will
27.6%
all
27.6%
my
27.6%
name
27.6%
who
27.6%
will
27.6%
will
27.6%
by
27.6%
by
27.6%
one
27.6%
will
27.6%
from
27.6%
from
27.6%
all
27.6%
will
27.6%
my
27.6%
will
27.6%
will
27.6%
will
27.6%
will
27.6%
from
27.6%
may
24.1%
do
24.1%
days
24.1%
people
24.1%
them
24.1%
them
24.1%
restore
20.7%
David's
20.7%
fallen
20.7%
repair
20.7%
broken
20.7%
restore
20.7%
ruins
20.7%
possess
20.7%
bear
20.7%
declares
20.7%
these
20.7%
coming
20.7%
declares
20.7%
reaper
20.7%
overtaken
20.7%
plowman
20.7%
Hint Answer % Correct
treading
20.7%
grapes
20.7%
New
20.7%
wine
20.7%
drip
20.7%
flow
20.7%
Israel
20.7%
live
20.7%
plant
20.7%
wine
20.7%
fruit
20.7%
plant
20.7%
Israel
20.7%
land
20.7%
land
20.7%
used
17.2%
remnant
17.2%
Edom
17.2%
nations
17.2%
things
17.2%
planter
17.2%
mountains
17.2%
hills
17.2%
bring
17.2%
back
17.2%
drink
17.2%
their
17.2%
gardens
17.2%
their
17.2%
their
17.2%
own
17.2%
again
17.2%
have
17.2%
exiled
13.8%
rebuild
13.8%
ruined
13.8%
cities
13.8%
vineyards
13.8%
make
13.8%
eat
13.8%
never
13.8%
uprooted
13.8%
given
13.8%
tent
10.3%
places
10.3%
build
10.3%

You're not logged in!

Compare scores with friends on all Sporcle quizzes.
Sign Up with Email
OR
Log In

You Might Also Like...

Show Comments

Extras

Top Quizzes Today


Score Distribution

Your Account Isn't Verified!

In order to create a playlist on Sporcle, you need to verify the email address you used during registration. Go to your Sporcle Settings to finish the process.

Report this User

Report this user for behavior that violates our Community Guidelines.

Details: